000 00357 a2200157 4500
001 195157
020 _a978-85-380-6704-7
040 _cMagnum
100 _aSilva, Flávia Lins e
240 1 0 _aAs aventuras da detetive Sol
_l
245 1 0 _aAs aventuras da detetive Sol
300 _a96
362 0 _a2017
697 _aLITERATURA INFANTO
942 _cBK
999 _c195157
_d195157